000 00648nam a22002177a 4500
999 _c14319
_d14319
003 AR-CdUCM
008 190422b ||||| |||| 00| 0 spa d
040 _aMUNICIPALIDAD PROVINCIAL DEL CUSCO
_cBIBLIOTECA MUNICIPAL DEL CUSCO
082 _a868.314 /
_bR47 / 1955
100 _aReynoso, Oswaldo
_99840
245 _aLuzbel poemas /
260 _aLima :
_bNegreiros,
_c1955.
300 _a11 páginas ;
_c17 cm.
500 _aDonación para la familia Nieto.
505 _aContenido : Poemas -- siglo XX ...
650 _aPoemas
_9929
650 _aSiglo XX
_98
650 _aLimeña
_914921
942 _2ddc
_cLIBROS
945 _arah
_d22/04/2019